000 00886nam a22003257a 4500
001 0051342
003 KOHA_MİRAKIL
005 20260207003802.0
007 ta
008 150629b2006 tu |||gr||||#0|||1|tur |
020 _a9789944446044
040 _aTR-BiSEU
_btur
_cTR-BiSEU
_erda
041 0 _atur
044 _ctu
050 _aPL234.M48
_bB37 2006
100 1 _aMetin, Ali K..
245 1 _aBarbar senfoni/
_cAli K. Metin ; Ali K. Metin.
264 1 _aAnkara :
_bNobel
_c2006
300 _a72 sayfa; 23 cm.
336 _ametin
_btxt
_2rdacontent
337 _aaracısız
_bn
_2rdamedia
338 _acilt
_bnc
_2rdacarrier
490 1 _aEbabil Yayınları ;
_v71.
490 1 _aŞiir Dizisi ;
_v1.
650 0 _aTürk şiiri.
_93914
830 1 _aEbabil Yayınları ;
_v71.
_949963
830 1 _aŞiir Dizisi ;
_v1.
_912878
907 _aŞiir
942 _2lcc
_cBK
999 _c51166
_d51166